[Event "Sao Bento do Sul op"]
[Site "Sao Bento do Sul"]
[Date "2019.08.25"]
[Round "6"]
[White "Dal Cortivo, Kemili Antunes"]
[Black "Darcanal, Emanuele1"]
[Result "1-0"]
[WhiteElo "1142"]
[BlackElo "1071"]
[PlyCount "76"]
[EventDate "2019.08.23"]
[EventType "swiss"]
[EventRounds "7"]
[EventCountry "BRA"]
[SourceTitle "EXT 2020"]
[Source "ChessBase"]
[SourceDate "2019.10.17"]
[SourceVersion "1"]
[SourceVersionDate "2019.10.17"]
[SourceQuality "1"]

1. e4 d6 2. Nc3 e5 3. Bc4 Be6 4. Bd5 Bxd5 5. Nxd5 Nf6 6. Nc3 c5 7. d3 Nbd7 8. Nge2 g6 9. 0-0 Bg7 10. Nb5 Nb8 11. c4 0-0 12. Be3 b6 13. Qa4 a5 14. a3 Nc6 15. Nbc3 Na7 16. b4 Qd7 17. Qxd7 Nxd7 18. Nd5 axb4 19. axb4 b5 20. bxc5 dxc5 21. Nc7 Rab8 22. Rxa7 b4 23. Nb5 Rbd8 24. Nc1 Nf6 25. Bxc5 Rfe8 26. Nd6 Re6 27. Bxb4 Bh6 28. Nxf7 Rd7 29. Nxh6+ Kh8 30. Rxd7 Nxd7 31. Nf7+ Kg8 32. Ng5 Re8 33. f4 exf4 34. Rxf4 Rf8 35. Bxf8 Nxf8 36. Rxf8+ Kxf8 37. d4 h5 38. c5 Kg7 1-0

[Event "Sao Bento do Sul op"]
[Site "Sao Bento do Sul"]
[Date "2019.08.24"]
[Round "4"]
[White "Campagnolo, Bruna1"]
[Black "Dal Cortivo, Kemili Antunes"]
[Result "1-0"]
[WhiteElo "1345"]
[BlackElo "1142"]
[PlyCount "91"]
[EventDate "2019.08.23"]
[EventType "swiss"]
[EventRounds "7"]
[EventCountry "BRA"]
[SourceTitle "EXT 2020"]
[Source "ChessBase"]
[SourceDate "2019.10.17"]
[SourceVersion "1"]
[SourceVersionDate "2019.10.17"]
[SourceQuality "1"]

1. e4 e5 2. Nf3 Nc6 3. d4 d6 4. dxe5 Nxe5 5. Nxe5 dxe5 6. Qxd8+ Kxd8 7. Bc4 f5 8. Nc3 Bb4 9. Bd2 Nf6 10. 0-0-0 Ke7 11. exf5 Bxf5 12. f3 c6 13. Rhe1 Bd6 14. Bg5 b5 15. Bb3 Rad8 16. f4 Bc7 17. Rxd8 Kxd8 18. fxe5 Re8 19. Rd1+ Kc8 20. exf6 gxf6 21. Bxf6 b4 22. Na4 Bf4+ 23. Kb1 Bxh2 24. Bh4 Kc7 25. Re1 Rxe1+ 26. Bxe1 a5 27. a3 Bd6 28. axb4 axb4 29. Bc4 h5 30. Be2 b3 31. Bd3 Bxd3 32. cxd3 c5 33. Kc1 Bf4+ 34. Bd2 Bd6 35. Be3 Kc6 36. Kd2 Kb5 37. Nc3+ Kb4 38. Ne4 Bf8 39. g3 c4 40. Bd4 Bh6+ 41. Ke2 cxd3+ 42. Kxd3 Bf8 43. Bc3+ Kb5 44. Nf6 Bg7 45. Nxh5 Bxc3 46. Kxc3 1-0

[Event "Sao Bento do Sul op"]
[Site "Sao Bento do Sul"]
[Date "2019.08.24"]
[Round "5"]
[White "Cunha, Gustavo Mengarda"]
[Black "Dal Cortivo, Kemili Antunes"]
[Result "1/2-1/2"]
[WhiteElo "1081"]
[BlackElo "1142"]
[PlyCount "72"]
[EventDate "2019.08.23"]
[EventType "swiss"]
[EventRounds "7"]
[EventCountry "BRA"]
[SourceTitle "EXT 2020"]
[Source "ChessBase"]
[SourceDate "2019.10.17"]
[SourceVersion "1"]
[SourceVersionDate "2019.10.17"]
[SourceQuality "1"]

1. d4 d5 2. Bf4 e6 3. Nf3 Nf6 4. e3 Be7 5. Bd3 0-0 6. Nbd2 Nbd7 7. c3 c5 8. 0-0 c4 9. Bc2 b5 10. b3 Nb6 11. bxc4 bxc4 12. Rb1 Bd6 13. Bxd6 Qxd6 14. h3 Nbd7 15. e4 e5 16. dxe5 Nxe5 17. Nxe5 Qxe5 18. exd5 Qxd5 19. Rb4 Ba6 20. Qe2 Rac8 21. Ne4 Nxe4 22. Qxe4 Qxe4 23. Bxe4 Rfe8 24. Bf5 Rc5 25. Bd7 Rd8 26. Bg4 Kf8 27. Ra4 Rd6 28. Re1 Rc7 29. Rb4 Rb7 30. Rxb7 Bxb7 31. Rb1 Ba6 32. Bf5 g6 33. Be4 Rd2 34. a4 Ra2 35. Rb4 Ra3 36. Rb8+ Kg7 1/2-1/2

[Event "Sao Bento do Sul op"]
[Site "Sao Bento do Sul"]
[Date "2019.08.24"]
[Round "3"]
[White "Dal Cortivo, Kemili Antunes"]
[Black "Saurim, Leticia Aparecida"]
[Result "0-1"]
[WhiteElo "1142"]
[BlackElo "1323"]
[PlyCount "64"]
[EventDate "2019.08.23"]
[EventType "swiss"]
[EventRounds "7"]
[EventCountry "BRA"]
[SourceTitle "EXT 2020"]
[Source "ChessBase"]
[SourceDate "2019.10.17"]
[SourceVersion "1"]
[SourceVersionDate "2019.10.17"]
[SourceQuality "1"]

1. e4 d5 2. e5 e6 3. d4 c5 4. c3 Nc6 5. Bb5 Bd7 6. Be3 Qb6 7. Na3 a6 8. Bxc6 Bxc6 9. Qb3 Qa5 10. Ne2 c4 11. Qc2 Bxa3 12. bxa3 Qxa3 13. 0-0 Ne7 14. Rfb1 b5 15. Qb2 Qxb2 16. Rxb2 0-0 17. a3 Rfb8 18. Nc1 a5 19. Bd2 f6 20. f4 Rf8 21. Ne2 Nf5 22. g3 Nh6 23. Kg2 fxe5 24. dxe5 d4+ 25. Kf2 dxc3 26. Bxc3 Ng4+ 27. Kg1 Rfb8 28. Nd4 Bd7 29. a4 b4 30. Bd2 c3 31. Bxc3 bxc3 32. Rxb8+ Rxb8 0-1